| 000 | 00310nam a2200109Ia 4500 | ||
|---|---|---|---|
| 008 | 230907s9999||||xx |||||||||||||| ||und|| | ||
| 082 |
_a629.2293 _bHOR |
||
| 100 |
_aHordeski, Micheal _9118034 |
||
| 245 |
_aHydrogen & fuel cells: advances in ... / _cMicheal Hordeski. |
||
| 260 | _c2019-09-27 | ||
| 942 |
_2ddc _cEB |
||
| 999 |
_c599639 _d599639 |
||